Problemas de matemática especial : (soluciones a los problemas propuestos en los exámenes de ingreso en la Escuela Especial de Ingenieros de Caminos, Canales y Puertos, en las convocatorias de 1932 a 1948) /
Guardado en:
| Autor Principal: | |
|---|---|
| Formato: | Libro |
| Idioma: | Spanish |
| Publicado: |
Madrid :
Dossat,
1949.
|
| Etiquetas: |
Agregar Etiqueta
Sin Etiquetas, Sea el primero en etiquetar este registro!
|
| LEADER | 00760nam a22001815a 4500 | ||
|---|---|---|---|
| 001 | MAT.inmabb002550 | ||
| 008 | 050314s1949####sp#a#####b####001#0#spa#d | ||
| 005 | 20160621115850.0 | ||
| 245 | 1 | 0 | |a Problemas de matemática especial : |b (soluciones a los problemas propuestos en los exámenes de ingreso en la Escuela Especial de Ingenieros de Caminos, Canales y Puertos, en las convocatorias de 1932 a 1948) / |c Antonio Moreno Torres. |
| 260 | |a Madrid : |b Dossat, |c 1949. | ||
| 300 | |a xxiii, [491] p. : |b il. ; |c 24 cm. | ||
| 504 | |a Incluye referencias bibliográficas e índices. | ||
| 100 | 1 | |a Moreno Torres, Antonio. | |
| 084 | |a 00A07 |2 msc2000 | ||
| 084 | |a 00A005 |2 msc2000 | ||
| 084 | |a 00A08 |2 msc2000 | ||
| 084 | |a 00-01 |2 msc2000 | ||
| 859 | |h 00A07 |i M843 |p A-8210 |b BIB. MATEMATICA | ||
